000
00170nam a22000857a 4500
082
_a
823
100
_a
JON STOVE
245
_a
THE MONSTER AT THE END OF THIS BOOK
942
_c
BK
999
_c
8144
_d
8144